000 00758nam a22001817a 4500
003 UA-OsUOA
001 17951
007 ta
008 20040406b un ||||| |||| 00| 0 ukr d
100 _aГордич В.
942 _cSA
040 _aUA-OsUOA
_cUA-OsUOA
_dUA-OsUOA
245 _aДо Рівного привезли "стілець смерті"
_b[В Рівнен. обл. краєзн. музеї функціонує виставка Санкт-Петербурзького музею історії людства під назвою "Історія інквізиції"]
300 _aС.18
955 _a0
773 0 _w0
_tСім днів
_dРівне
_d2004
_g№13/26 берез./
650 7 _aКраєзнавча робота
_2UDC
999 _c304121
_d304121